A changing world : challenges for landscape research
Αποθηκεύτηκε σε:
| Άλλοι συγγραφείς: | , , |
|---|---|
| Μορφή: | Βιβλίο |
| Γλώσσα: | English |
| Δημοσίευση: |
Dordrecht, The Netherlands :
Springer,
c2007
|
| Σειρά: | Landscape series (Springer (Firm))
; 8 |
| Θέματα: | |
| Ετικέτες: |
Προσθήκη ετικέτας
Δεν υπάρχουν, Καταχωρήστε ετικέτα πρώτοι!
|
MARC
| LEADER | 00000nam a2200000 i 4500 | ||
|---|---|---|---|
| 001 | 1/103835 | ||
| 008 | 090407s2007 eng d | ||
| 020 | |a 978-1-4020-4434-2 | ||
| 035 | |l 10104200 | ||
| 040 | |a GR-MY-UA |b gre |e aacr | ||
| 041 | 0 | |a eng | |
| 082 | 0 | |a 304.2 |2 (22) | |
| 245 | 1 | 2 | |a A changing world : |b challenges for landscape research / |c edited by Felix Kienast, Otto Wildi, Sucharita Ghosh |
| 260 | |a Dordrecht, The Netherlands : |b Springer, |c c2007 | ||
| 300 | |a ix, 296 σ.; |b εικ. (μερ. έγχρ.), χάρτες (μερ. έγχρ.); |c 25 εκ. | ||
| 490 | 1 | |a Landscape series |v ; 8 | |
| 504 | |a Περιέχει βιβλιογραφικές παραπομπές | ||
| 650 | 0 | 0 | |a Landscapes |x Research. |
| 650 | 0 | 0 | |a Human geography. |
| 700 | 1 | |a Kienast, Felix. |4 edt | |
| 700 | 1 | |a Wildi, Otto. |4 edt | |
| 700 | 1 | |a Ghosh, S. |q (Sucharita) |4 edt | |
| 830 | 0 | |a Landscape series (Springer (Firm)) |v ; 8 | |
| 852 | |a INST |b LESVOS |e 20090407 |h 304.2 CHA |p 005100044733 |q 005100044733 |t BK |y 0 | ||
| 901 | |a BIBL1-2009-1 | ||
| 909 | |a Λ |b 154259 | ||
| 922 | |a 1ΕΛΗ |b 200809 |c ΕΠΕΑΕΚ2/ΤΓ |d ΜΙΧΑΛΟΠΟΥΛΟΣ | ||
| 970 | |a ΚΑΡΑ |b ΓΙΑΣΕΜΗ |z 2009/04/07 | ||